Arnošt z Pardubic : arcibiskup, zakladatel a rádce /
Životopisný portrét prvního pražského arcibiskupa Arnošta z Pardubic z pera historičky a archivářky, specialistky na středověké církevní dějiny.
Uloženo v:
| Hlavní autor: | |
|---|---|
| Médium: | E-kniha |
| Jazyk: | Czech |
| Vydáno: |
V Praze :
Vyšehrad,
2025
|
| Vydání: | Vydání druhé |
| Edice: | Velké postavy českých dějin
|
| Témata: | |
| Tagy: |
Žádné tagy |
| LEADER | 04992nam a2200877 i 4500 | ||
|---|---|---|---|
| 001 | 312686 | ||
| 003 | CZ PrSKC | ||
| 005 | 20260601215727.0 | ||
| 007 | ta | ||
| 008 | 250403s2025 xr abfhf 001 0bcze | ||
| 015 | |a cnb003680643 | ||
| 020 | |a 9788026731344 |q (vázáno) | ||
| 035 | |a (OCoLC)1523000541 | ||
| 040 | |a OLA001 |b cze |e rda | ||
| 043 | |a e-xr--- | ||
| 045 | |a q9r6 | ||
| 072 | 7 | |a 27 |x Křesťanství. Křesťanská církev všeobecně. Eklesiologie |2 Konspekt | |
| 072 | 7 | |a 929 |x Biografie |2 Konspekt | |
| 080 | |a 27-722.51 |2 MRF | ||
| 080 | |a 27-772-024.71 |2 MRF | ||
| 080 | |a 27-72/-73 |2 MRF | ||
| 080 | |a 27-72-77 |2 MRF | ||
| 080 | |a 27-4 |2 MRF | ||
| 080 | |a 27-46 |2 MRF | ||
| 080 | |a 2-532.2/-534 |2 MRF | ||
| 080 | |a 27-662:3 |2 MRF | ||
| 080 | |a 27-662:316.74 |2 MRF | ||
| 080 | |a 929 |2 MRF | ||
| 080 | |a (437.3) |2 MRF | ||
| 080 | |a (048.8) |2 MRF | ||
| 080 | |a (092) |2 MRF | ||
| 100 | 1 | |a Hledíková, Zdeňka, |d 1938-2018 |7 jk01041293 |4 aut | |
| 245 | 1 | 0 | |a Arnošt z Pardubic : |b arcibiskup, zakladatel a rádce / |c Zdeňka Hledíková |
| 250 | |a Vydání druhé | ||
| 264 | 1 | |a V Praze : |b Vyšehrad, |c 2025 | |
| 300 | |a 349 stran, 8 nečíslovaných stran obrazových příloh : |b ilustrace (některé barevné), mapy, faksimile ; |c 22 cm | ||
| 336 | |a text |b txt |2 rdacontent | ||
| 337 | |a bez média |b n |2 rdamedia | ||
| 338 | |a svazek |b nc |2 rdacarrier | ||
| 490 | 1 | |a Velké postavy českých dějin ; |v svazek 10 | |
| 500 | |a Terminologický slovník | ||
| 504 | |a Obsahuje bibliografii, bibliografické odkazy a rejstříky | ||
| 520 | 2 | |a Životopisný portrét prvního pražského arcibiskupa Arnošta z Pardubic z pera historičky a archivářky, specialistky na středověké církevní dějiny. |b Na základě detailního studia historických pramenů přibližuje autorka běh života význačné postavy českých dějin 14. století. Monografie upozorňuje na dvojdomost Arnoštova odkazu - znám je především jako důvěrný rádce a spolupracovník krále a císaře Karla IV. a strůjce duchovního konceptu Karlovy domácí i zahraniční politiky. Zároveň byl Arnošt z Pardubic předním církevním hodnostářem a hlavou české církve. Karel IV. jej pověřoval důležitými diplomatickými úkoly, Arnošt se významnou měrou podílel na klíčových zakladatelských počinech císařova panování. Ve středu pozornosti autorky však stojí Arnošt z Pardubic jako vrcholná církevní autorita, která svým neúnavným působením ve vnitrocírkevní oblasti položila základy fungování pražské arcidiecéze a zásadním způsobem ovlivnila církevní život a správu středověkých českých zemí. | |
| 600 | 0 | 7 | |a Arnošt, |c z Pardubic, pražský arcibiskup, |d 1297-1364 |7 jn20000728010 |2 czenas |
| 610 | 2 | 7 | |a Katolická církev. |b Arcibiskupství pražské |7 ko2002148842 |2 czenas |
| 648 | 4 | |a 1297-1364 | |
| 648 | 7 | |a 13.-14. století |7 ch757054 |2 czenas | |
| 650 | 0 | 7 | |a arcibiskupové |7 ph118592 |z Česko |y 13.-14. století |2 czenas |
| 650 | 0 | 7 | |a arcidiecéze |7 ph276822 |z Česko |y 13.-14. století |2 czenas |
| 650 | 0 | 7 | |a církevní úřady |7 ph214705 |z Česko |y 13.-14. století |2 czenas |
| 650 | 0 | 7 | |a organizace a struktura církve |7 ph138526 |y 13.-14. století |2 czenas |
| 650 | 0 | 7 | |a církevní život |7 ph119306 |y 13.-14. století |2 czenas |
| 650 | 0 | 7 | |a pastorace |7 ph123988 |z Česko |y 13.-14. století |2 czenas |
| 650 | 0 | 7 | |a zbožnost |7 ph127555 |z Česko |y 13.-14. století |2 czenas |
| 650 | 0 | 7 | |a křesťanství a společnost |7 ph138510 |z Česko |y 13.-14. století |2 czenas |
| 650 | 0 | 7 | |a křesťanství a kultura |7 ph115078 |z Česko |y 13.-14. století |2 czenas |
| 650 | 0 | 9 | |a archbishops |z Czechia |y 13th-14th centuries |2 eczenas |
| 650 | 0 | 9 | |a archdioceses |z Czechia |y 13th-14th centuries |2 eczenas |
| 650 | 0 | 9 | |a church offices |z Czechia |y 13th-14th centuries |2 eczenas |
| 650 | 0 | 9 | |a church organization and structure |y 13th-14th centuries |2 eczenas |
| 650 | 0 | 9 | |a church life |y 13th-14th centuries |2 eczenas |
| 650 | 0 | 9 | |a pastoral care |z Czechia |y 13th-14th centuries |2 eczenas |
| 650 | 0 | 9 | |a devotion |z Czechia |y 13th-14th centuries |2 eczenas |
| 650 | 0 | 9 | |a Christianity and civilization |z Czechia |y 13th-14th centuries |2 eczenas |
| 650 | 0 | 9 | |a Christianity and culture |z Czechia |y 13th-14th centuries |2 eczenas |
| 655 | 7 | |a monografie |7 fd132842 |2 czenas | |
| 655 | 7 | |a biografie |7 fd131909 |2 czenas | |
| 655 | 9 | |a monographs |2 eczenas | |
| 655 | 9 | |a biography |2 eczenas | |
| 830 | 0 | |a Velké postavy českých dějin | |
| 900 | |a ABA001 |b 19 | ||
| 928 | 9 | |a Albatros Media - Vyšehrad | |
| 044 | |a xr | ||
| 910 | |a RBIT002 | ||
| 998 | |d 418191 |a https://core.palmknihy.cz/api/books/418191/cover?su668g |b https://core.palmknihy.cz/api/books/418191/cover/400?su668g |c https://core.palmknihy.cz/api/books/418191/cover/50?su668g |e 2035-12-31 |g 360 |i 9788026731344 |j https://core.palmknihy.cz/api/books/418191/preview.epub |k https://core.palmknihy.cz/api/books/418191/preview.pdf |l |q 49 |r 1 |s https://www.palmknihy.cz/kniha/418191 |t ebook |y 2025 |z 0 | ||
| 999 | |d 312684 | ||